Atlas geográfico universal (Record no. 45774)

MARC details
000 -LEADER
campo de control de longitud fija 00691nam a2200193 i 4500
001 - NÚMERO DE CONTROL
campo de control 45774
003 - IDENTIFICADOR DE NÚMERO DE CONTROL
campo de control ES-MaACL
005 - FECHA Y HORA DE LA ÚLTIMA TRANSACCIÓN
campo de control 20250724094351.0
007 - CAMPO FIJO DE DESCRIPCIÓN FÍSICA--INFORMACIÓN GENERAL
campo de control de longitud fija t|
008 - DATOS DE LONGITUD FIJA--INFORMACIÓN GENERAL
campo de control de longitud fija 030326s1928 it ||||1| spa d
100 1# - ENTRADA PRINCIPAL--NOMBRE DE PERSONA
Nombre de persona Condeminas, Francisco.
9 (RLIN) 40137
245 10 - MENCIÓN DEL TÍTULO
Título Atlas geográfico universal
Resto del título : para uso de Institutos nacionales de 2ª enseñanza, Escuelas de Comercio, de Náutica, Normales, etc. /
Mención de responsabilidad, etc. Francisco Condeminas y Luis Visintin.
260 ## - PUBLICACIÓN, DISTRIBUCIÓN, ETC.
Lugar de publicación, distribución, etc. Novara :
Nombre del editor, distribuidor, etc. Instituto Geográfico de Agostini,
Fecha de publicación, distribución, etc. [1928]
300 ## - DESCRIPCIÓN FÍSICA
Extensión 26 h. de map. col. ;
Dimensiones 34 cm.
650 #7 - PUNTO DE ACCESO ADICIONAL DE MATERIA--TÉRMINO DE MATERIA
Término de materia o nombre geográfico como elemento de entrada Atlas
Fuente del encabezamiento o término embne
9 (RLIN) 10407
700 1# - ENTRADA AGREGADA--NOMBRE PERSONAL
Nombre de persona Visintin, Luigi.
9 (RLIN) 199124
852 ## - LOCALIZACIÓN
Ubicación ES-MaACL
Número de control de estantería 2330-F-11
Holdings
Estatus retirado Estado de pérdida Estado de daño No para préstamo Colección Biblioteca de origen Biblioteca actual Ubicación en estantería Fecha de adquisición Fuente de adquisición Total de préstamos Signatura topográfica completa Código de barras Visto por última vez Precio de reemplazo Tipo de ítem Koha
        Colección de folletos Biblioteca del Ateneo de Madrid Biblioteca del Ateneo de Madrid Depósito folletos 17/01/2008     2330-F-11 1048158 23/02/2023 23/02/2023 Folleto